<?xml version="1.0" encoding="UTF-8"?>
<record
    xmlns:xsi="http://www.w3.org/2001/XMLSchema-instance"
    xsi:schemaLocation="http://www.loc.gov/MARC21/slim http://www.loc.gov/standards/marcxml/schema/MARC21slim.xsd"
    xmlns="http://www.loc.gov/MARC21/slim">

  <leader>00948nam a2200241 i 4500</leader>
  <controlfield tag="001">64712</controlfield>
  <controlfield tag="003">ES-MaACL</controlfield>
  <controlfield tag="005">20250327160919.0</controlfield>
  <controlfield tag="007">t|</controlfield>
  <controlfield tag="008">040105s1952    sp           ||||1| spa d</controlfield>
  <datafield tag="100" ind1="1" ind2=" ">
    <subfield code="a">Fornaciari, Michele.</subfield>
    <subfield code="9">51767</subfield>
  </datafield>
  <datafield tag="245" ind1="1" ind2="0">
    <subfield code="a">Latinorum </subfield>
    <subfield code="b">: gu&#xED;a pr&#xE1;ctica para los padres cuyos hijos estudian lat&#xED;n / </subfield>
    <subfield code="c">Michele Fornaciari ; versi&#xF3;n del italiano por Claudio Matons Rossi.</subfield>
  </datafield>
  <datafield tag="260" ind1=" " ind2=" ">
    <subfield code="a">Barcelona : </subfield>
    <subfield code="b">Gustavo Gili, </subfield>
    <subfield code="c">1952 (</subfield>
    <subfield code="f">Agust&#xED;n N&#xFA;&#xF1;ez)</subfield>
  </datafield>
  <datafield tag="300" ind1=" " ind2=" ">
    <subfield code="a">225 p. ; </subfield>
    <subfield code="c">20 cm.</subfield>
  </datafield>
  <datafield tag="510" ind1=" " ind2=" ">
    <subfield code="a">CCPB,
</subfield>
    <subfield code="c">000942516-0</subfield>
  </datafield>
  <datafield tag="650" ind1=" " ind2="4">
    <subfield code="9">14291</subfield>
    <subfield code="a">Lengua latina</subfield>
  </datafield>
  <datafield tag="700" ind1="1" ind2=" ">
    <subfield code="a">Matons Rossi, Claudio.</subfield>
    <subfield code="9">79092</subfield>
  </datafield>
  <datafield tag="852" ind1=" " ind2=" ">
    <subfield code="a">ES-MaACL</subfield>
    <subfield code="j">D-6269 </subfield>
    <subfield code="b">R.32412</subfield>
    <subfield code="b">R.M.5864</subfield>
    <subfield code="c">SVI</subfield>
    <subfield code="f">Sello en tinta en azul de la Biblioteca del Ateneo de Madrid</subfield>
    <subfield code="g">Anotaci&#xF3;n manuscrita en cubierta: "13"</subfield>
    <subfield code="9">67138</subfield>
  </datafield>
  <datafield tag="942" ind1=" " ind2=" ">
    <subfield code="2">udc</subfield>
    <subfield code="c">MONOGRAFIA</subfield>
  </datafield>
  <datafield tag="999" ind1=" " ind2=" ">
    <subfield code="c">64712</subfield>
    <subfield code="d">64712</subfield>
  </datafield>
  <datafield tag="952" ind1=" " ind2=" ">
    <subfield code="0">0</subfield>
    <subfield code="1">0</subfield>
    <subfield code="4">0</subfield>
    <subfield code="7">0</subfield>
    <subfield code="a">ATENEOM</subfield>
    <subfield code="b">ATENEOM</subfield>
    <subfield code="c">SVI</subfield>
    <subfield code="d">2008-01-17</subfield>
    <subfield code="e">SC</subfield>
    <subfield code="l">0</subfield>
    <subfield code="o">D-6269</subfield>
    <subfield code="p">901067805</subfield>
    <subfield code="r">2023-02-23 00:00:00</subfield>
    <subfield code="w">2023-02-23</subfield>
    <subfield code="y">MONOGRAFIA</subfield>
  </datafield>
</record>
